Los militares y la política en América Latina /

Estudio que analiza las relaciones políticas entre el poder de las fuerzas militares y el gobierno civil en los países latinoamericanos, las tensiones existentes entre dictadura y democracia y la necesidad necesidad de fraguar la construcción de un Estado democrático. Asimismo el autor complementa s...

Täydet tiedot

Tallennettuna:
Bibliografiset tiedot
Päätekijä: González Casanova, Pablo (autor)
Aineistotyyppi: Kirja
Kieli:espanja
Julkaistu: México : Océano, 1988, c1988
Aiheet:
Tagit: Lisää tagi
Ei tageja, Lisää ensimmäinen tagi!

MARC

LEADER 00000nam^a2200000^a^4500
001 000314961
005 20250521000000.0
009 20260310113231.029
020 |a 968-493-166-2 
037 |a Acervo Xavier Clavigero 
041 |a ESP 
082 |a 320. 980033  |b GON 
100 |a González Casanova, Pablo  |e (autor) 
245 1 4 |a Los militares y la política en América Latina /  |c P. González Casanova. 
264 4 |a México :  |b Océano,  |c 1988, c1988 
300 |a 118 p. 
336 |a texto  |b txt  |2 rdacontenido 
337 |a sin mediación  |b n  |2 rdamedio 
338 |a volumen  |b nc  |2 rdasoporte 
520 |a Estudio que analiza las relaciones políticas entre el poder de las fuerzas militares y el gobierno civil en los países latinoamericanos, las tensiones existentes entre dictadura y democracia y la necesidad necesidad de fraguar la construcción de un Estado democrático. Asimismo el autor complementa su indagación con la influencia del ejército norteamericano en el adiestramiento táctico e ideológico de la milicia latinoamericana. 
649 |a XX 
650 |a Democracia -  |z Latinoamérica 
650 |a Dictadura -  |z Latinoamérica 
650 |a Militarismo -  |z Latinoamérica -  |x Tema Principal 
650 |a Ideología -  |z Latinoamérica 
650 |a Intervención Militar de EUA 
650 |a Política -  |z Latinoamérica -  |x Historia -  |y Siglo XX -  |x Tema Principal 
650 |a Latinoamérica -  |x Condiciones Políticas 
910 |a Fondo General 
920 |a Impresos - Libros 
930 |a Colección General 
905 |a 101 
901 |a 0500201813  |b IT1  |c ACC  |u 20250521 
902 |a https://opac.biblio.iteso.mx/vufind/Record/000314961